| 000 | 00565nam a22001577a 4500 | ||
|---|---|---|---|
| 005 | 20170403104348.0 | ||
| 008 | 170403b xxu||||| |||| 00| 0 eng d | ||
| 020 | _a9789694480923 | ||
| 040 | _cPK-LaUMT | ||
| 082 |
_aZIAC 297.071095491 _bKHA-D |
||
| 100 | _aخالد رحمن | ||
| 245 |
_aدینی مدارس تبدیلی کے رجحانات: _bپاکستان کی بڑی دینی جامعات کا مطالعہ/ _cخالد رحمن |
||
| 260 |
_aاسلام آباد: _bانسٹی ٹیوٹ آف پالیسی اسٹڈیز، _c2008 |
||
| 300 | _a241 ص | ||
| 942 | _cBK | ||
| 999 |
_c92280 _d92280 |
||